| 000 | 00537nam a2200193 a 4500 | ||
|---|---|---|---|
| 005 | 20210219152830.0 | ||
| 008 | 991125n 000 0 spa u | ||
| 035 | _aUPN01000062700 | ||
| 100 | _aSTOLIETOV, V. N. | ||
| 222 | _aCIENCIAS PEDAGOGICAS | ||
| 245 | _aAcerca del ulterior perfeccionamiento de la educación ideológica de los escolares | ||
| 300 | _a14-28 | ||
| 362 | _a1980 Año 1, no. 1, jun.-dic. | ||
| 653 | 0 | _aENSEÑANZA | |
| 653 | 0 | _aHOMBRE | |
| 653 | 0 | _aPERSONALIDAD | |
| 904 |
_aAC _b000511 |
||
| 905 | _aArticulo | ||
| 999 |
_c61822 _d61822 |
||